Statistiques concernant Culture Générale - Série 1224

Cliquez ici pour prendre le quiz!

Statistiques générales

  • Ce quiz a été pris 56 fois
  • Le résultat moyen est 5 sur 10

Statistiques - réponses

QuestionRéponse% Correct
Quel dispositif de communication à distance, Graham Bell a-t-il inventé en 1876 ?téléphone
98%
Quel gâteau, s'écrivant en 4 lettres, est fait de pâte levée et imbibée de rhum après cuisson ?baba
96%
Sur quelle île du Pacifique peut-on admirer les gigantesques statues de pierre appelées "moai" ?île de Pâques
96%
Quel oiseau apporte les bébés chez les Schtroumpfs ?cigogne
80%
Quel personnage du roman “Notre-Dame de Paris” est le sonneur de cloches de la cathédrale ?Quasimodo
71%
Comment se prénomme le héros de Georges Simenon : le commissaire Maigret ?Jules
35%
Quelle actrice, prénommée Diane, incarne Annie Hall dans le film du même nom de Woody Allen ?Diane Keaton
33%
En 2006, quelle chanteuse américaine, interprète de "Hero", aurait fait assurer ses jambes pour près d'un un milliard de dollars ?Mariah Carey
18%
Quelle héroïne de bande dessinée a été incarnée à l'écran par Jane Fonda en 1968 ?Barbarella
16%
Dans la série "Angélique" des années 1960, quel nom porte le chien de l'avocat François Desgrez, interprété par Jean Rochefort ?Sorbonne
4%

Distribution des résultats

Percentile par nombre de réponses

% des personnes avec chaque résultat

Votre développement - résultats

Vous n’avez pas pris ce quiz